| 000 | 00743cam a22002533a 4500 | ||
|---|---|---|---|
| 001 | 17598 | ||
| 003 | PGUSA | ||
| 005 | 20140828083356.0 | ||
| 008 | 060124s2006||||xxu|||||s|||||000 1 eng d | ||
| 040 |
_aPGUSA _beng |
||
| 042 | _adc | ||
| 050 | 4 | _aPS | |
| 100 | 1 |
_aParrish, Randall, _d1858-1923 |
|
| 245 | 1 | 0 |
_aBeth Norvell : _bA Romance of the West _h[electronic resource] / _cRandall Parrish |
| 260 |
_bProject Gutenberg, _c2006 |
||
| 506 | _aPublic domain in the USA. | ||
| 516 | _aElectronic text | ||
| 653 | _aWomen pioneers -- Fiction | ||
| 653 | _aWestern stories | ||
| 700 | 1 |
_aWyeth, N. C. _q(Newell Convers), _d1882-1945 |
|
| 830 | 0 |
_aProject Gutenberg _v17598 |
|
| 856 | 4 | 0 | _uhttp://www.gutenberg.org/ebooks/17598 |
| 942 | _cEB | ||
| 999 |
_c246853 _d246853 |
||